00411nam a2200157Ia 45000010006000000050017000060080041000230410008000640820016000721000042000882450064001302600009001943000034002036500008002376540008002452151720260306172925.0260306t2013||||xx |||||||||||||| ||spa|| aESP a005.12bR63 aRío Fernández, Joaquín deleAUT 0aLabView:bprogramación para sistemas de instrumentación c2013 axiii, 334 páginas :c23 cm. aGEN aCCC